[Event "Madrid-chT 2223"]
[Site "Madrid"]
[Date "2022.11.20"]
[Round "1.1"]
[White "Candela Perez, Jose"]
[Black "Martinez Reyes, Pedro Ramon"]
[Result "1/2-1/2"]
[WhiteElo "2308"]
[BlackElo "2384"]
[PlyCount "54"]
[EventDate "2022.11.20"]
[EventType "team-tourn"]
[EventRounds "14"]
[EventCountry "ESP"]
[SourceTitle "Ajedrez en Madrid"]
[Source "lmi"]
[SourceDate "2022.11.21"]
[SourceVersion "1"]
[SourceVersionDate "2023.03.23"]
[SourceQuality "1"]
[WhiteTeam "Alcala de Henares"]
[BlackTeam "Blanco y Negro"]
[WhiteTeamCountry "ESP"]
[BlackTeamCountry "ESP"]

1. d4 d5 2. c4 c6 3. Nf3 Nf6 4. Nc3 e6 5. Bg5 Be7 6. e3 Nbd7 7. cxd5 exd5 8.
Bd3 Nh5 9. Bxe7 Qxe7 10. O-O O-O 11. Qc2 g6 12. Rfe1 Ndf6 13. Ne5 Nd7 14. Nxd7
Bxd7 15. e4 Nf4 16. exd5 Qg5 17. g3 cxd5 18. Bf1 Bc6 19. Qc1 Ne6 20. Qxg5 Nxg5
21. Bg2 Rad8 22. Re5 Ne6 23. Rd1 Nc7 24. b4 Rfe8 25. a4 a6 26. a5 f6 27. Re3
Kf7 1/2-1/2

[Event "Madrid-chT 2223"]
[Site "Madrid"]
[Date "2022.11.20"]
[Round "1.2"]
[White "Hidalgo Duque, Carlos"]
[Black "Fernandez Lledo, Javier"]
[Result "1-0"]
[WhiteElo "2242"]
[BlackElo "2284"]
[PlyCount "115"]
[EventDate "2022.11.20"]
[EventType "team-tourn"]
[EventRounds "14"]
[EventCountry "ESP"]
[SourceTitle "Ajedrez en Madrid"]
[Source "lmi"]
[SourceDate "2022.11.21"]
[SourceVersion "1"]
[SourceVersionDate "2023.03.23"]
[SourceQuality "1"]
[WhiteTeam "Blanco y Negro"]
[BlackTeam "Alcala de Henares"]
[WhiteTeamCountry "ESP"]
[BlackTeamCountry "ESP"]

1. Nf3 Nf6 2. c4 b6 3. g3 Bb7 4. Bg2 g6 5. O-O Bg7 6. Nc3 O-O 7. d4 Ne4 8. Nxe4
Bxe4 9. Be3 c5 10. Qd2 d6 11. Bh6 Nd7 12. Rfd1 Rc8 13. Bxg7 Kxg7 14. Rac1 Nf6
15. Qe3 Qc7 16. Rc3 Qb7 17. Ne1 Bxg2 18. Nxg2 Rc7 19. Qd3 Rfc8 20. d5 b5 21.
cxb5 c4 22. Qd4 Qxb5 23. Rd2 Rc5 24. Ne3 Kg8 25. g4 a6 26. f4 h5 27. f5 hxg4
28. fxg6 Qd7 29. gxf7+ Kxf7 30. Rxc4 Rxc4 31. Nxc4 g3 32. hxg3 Qh3 33. Rd3 Rh8
34. Rf3 Qh1+ 35. Kf2 Rh2+ 36. Ke3 Qg1+ 37. Kd3 Qd1+ 38. Kc3 Qxe2 39. Qd3 Qe1+
40. Kb3 a5 41. a3 a4+ 42. Kxa4 Re2 43. b4 Re4 44. Rf4 Rxf4 45. gxf4 Ne4 46. Kb5
Ke8 47. Qd4 Qe2 48. Kb6 Qg2 49. a4 Nf6 50. Kc6 Qg4 51. Nb6 Kf7 52. a5 e5 53.
dxe6+ Qxe6 54. Qxd6 Qe4+ 55. Kb5 Qe2+ 56. Nc4 Ne4 57. Qd5+ Kg6 58. Kc6 1-0

[Event "Madrid-chT 2223"]
[Site "Madrid"]
[Date "2022.11.20"]
[Round "1.3"]
[White "Medina Diaz, Rafael Alejandro"]
[Black "Alarcia Astiz, Carlos"]
[Result "0-1"]
[WhiteElo "2262"]
[BlackElo "2239"]
[PlyCount "62"]
[EventDate "2022.11.20"]
[EventType "team-tourn"]
[EventRounds "14"]
[EventCountry "ESP"]
[SourceTitle "Ajedrez en Madrid"]
[Source "lmi"]
[SourceDate "2022.11.21"]
[SourceVersion "1"]
[SourceVersionDate "2023.03.23"]
[SourceQuality "1"]
[WhiteTeam "Alcala de Henares"]
[BlackTeam "Blanco y Negro"]
[WhiteTeamCountry "ESP"]
[BlackTeamCountry "ESP"]

1. e4 c6 2. d4 d5 3. exd5 cxd5 4. Nf3 Nc6 5. Bd3 Bg4 6. c3 e6 7. O-O Bd6 8. Re1
Nge7 9. Nbd2 Qc7 10. Nf1 a6 11. Ng3 h5 12. h3 h4 13. Nf1 Bh5 14. Be2 O-O-O 15.
b4 Kb8 16. a4 a5 17. Ng5 Bxe2 18. Qxe2 Nc8 19. b5 N6a7 20. Qf3 Rd7 21. Bd2 Nb6
22. Qg4 g6 23. Ne3 Nac8 24. Rec1 Bf4 25. Nf3 f5 26. Qxg6 Rh6 27. Qg8 Rd8 28.
Nxd5 Nxd5 29. Bxf4 Nxf4 30. Qg5 Rg6 31. Qxh4 Nxg2 0-1

[Event "Madrid-chT 2223"]
[Site "Madrid"]
[Date "2022.11.20"]
[Round "1.4"]
[White "Renteria Becerra, Jorge Elicer"]
[Black "Moreno Ibañez, Miguel"]
[Result "1-0"]
[WhiteElo "2191"]
[BlackElo "2242"]
[PlyCount "89"]
[EventDate "2022.11.20"]
[EventType "team-tourn"]
[EventRounds "14"]
[EventCountry "ESP"]
[SourceTitle "Ajedrez en Madrid"]
[Source "lmi"]
[SourceDate "2022.11.21"]
[SourceVersion "1"]
[SourceVersionDate "2023.03.23"]
[SourceQuality "1"]
[WhiteTeam "Blanco y Negro"]
[BlackTeam "Alcala de Henares"]
[WhiteTeamCountry "ESP"]
[BlackTeamCountry "ESP"]

1. e4 c5 2. Nf3 e6 3. d4 cxd4 4. Nxd4 a6 5. Nc3 b5 6. Bd3 Qb6 7. Nb3 Qc7 8. f4
Bb7 9. O-O d6 10. Qe2 Nd7 11. a4 b4 12. Nd1 Ngf6 13. Nf2 h5 14. Bd2 e5 15. Bxb4
exf4 16. Ba5 Qc8 17. Bc3 Ne5 18. Nd4 Qc5 19. Nf5 g6 20. Bd4 Qc7 21. Nh4 Nfg4
22. Nh3 Qe7 23. Nf3 Bh6 24. b4 O-O 25. Nxe5 dxe5 26. Bc5 Qh4 27. Bxf8 Bxf8 28.
c3 Rd8 29. Bc4 a5 30. Rad1 Ne3 31. Bxf7+ Kg7 32. Bd5 Bxd5 33. exd5 axb4 34.
cxb4 Bxb4 35. Nxf4 exf4 36. Qb2+ Kh6 37. Qxb4 Qg5 38. Rd2 Nxf1 39. Kxf1 f3 40.
g3 Rc8 41. Qf4 Qxf4 42. gxf4 g5 43. fxg5+ Kxg5 44. d6 Kf4 45. d7 1-0

[Event "Madrid-chT 2223"]
[Site "Madrid"]
[Date "2022.11.20"]
[Round "1.5"]
[White "Yañez Rodriguez, Wilbert"]
[Black "Alba Linero, Emilio"]
[Result "1-0"]
[WhiteElo "2103"]
[BlackElo "2158"]
[PlyCount "99"]
[EventDate "2022.11.20"]
[EventType "team-tourn"]
[EventRounds "14"]
[EventCountry "ESP"]
[SourceTitle "Ajedrez en Madrid"]
[Source "lmi"]
[SourceDate "2022.11.21"]
[SourceVersion "1"]
[SourceVersionDate "2023.03.23"]
[SourceQuality "1"]
[WhiteTeam "Alcala de Henares"]
[BlackTeam "Blanco y Negro"]
[WhiteTeamCountry "ESP"]
[BlackTeamCountry "ESP"]

1. c4 b6 2. Nf3 Bb7 3. g3 e6 4. Bg2 Nf6 5. O-O c5 6. b3 Be7 7. Bb2 O-O 8. e3
Qc7 9. Nc3 a6 10. Qe2 Rd8 11. d3 d6 12. Ne1 Nbd7 13. f4 Bxg2 14. Nxg2 Qb7 15.
a4 d5 16. g4 Nf8 17. g5 Ne8 18. cxd5 exd5 19. e4 Nc7 20. Ne3 d4 21. Ncd5 Bd6
22. Nxc7 Bxc7 23. Nd5 Rxd5 24. exd5 Qxd5 25. Qg2 Qxg2+ 26. Kxg2 Ne6 27. Bc1 g6
28. f5 Ng7 29. fxg6 hxg6 30. Bf4 Bxf4 31. Rxf4 Re8 32. Re4 Rxe4 33. dxe4 a5 34.
Kf3 Kf8 35. h4 Ke7 36. Ke2 Ne6 37. Rf1 Nf8 38. Kd3 Nd7 39. Kc4 Ke6 40. Kb5 Ke7
41. Kc6 Ke6 42. Rf2 f6 43. Rf1 fxg5 44. hxg5 Ke7 45. Kd5 Nf8 46. Rh1 Kd7 47.
Rh3 Ke7 48. e5 Kf7 49. Kd6 Ne6 50. Rf3+ 1-0

[Event "Madrid-chT 2223"]
[Site "Madrid"]
[Date "2022.11.20"]
[Round "1.6"]
[White "Cubillo Muñoz, Miguel"]
[Black "Vaquerizo Calvo, Miguel Arturo"]
[Result "1-0"]
[WhiteElo "2151"]
[BlackElo "2033"]
[PlyCount "75"]
[EventDate "2022.11.20"]
[EventType "team-tourn"]
[EventRounds "14"]
[EventCountry "ESP"]
[SourceTitle "Ajedrez en Madrid"]
[Source "lmi"]
[SourceDate "2022.11.21"]
[SourceVersion "1"]
[SourceVersionDate "2023.03.23"]
[SourceQuality "1"]
[WhiteTeam "Blanco y Negro"]
[BlackTeam "Alcala de Henares"]
[WhiteTeamCountry "ESP"]
[BlackTeamCountry "ESP"]

1. e4 e6 2. d4 d5 3. Nc3 Nf6 4. e5 Nfd7 5. Nf3 c5 6. dxc5 Nc6 7. Bf4 Bxc5 8.
Bd3 f6 9. exf6 Qxf6 10. Bg5 Qf7 11. Bh4 h6 12. Bg3 O-O 13. O-O a6 14. Qd2 b5
15. Rae1 Nb4 16. Be2 Bb7 17. a4 d4 18. Nd1 bxa4 19. Nxd4 e5 20. Bf3 Nd5 21.
Bxe5 Nxe5 22. Rxe5 Bd6 23. Rf5 Qg6 24. Bxd5+ Bxd5 25. Rxd5 Bf4 26. Qd3 Qf7 27.
Rf5 Qe7 28. g3 Bg5 29. Nc3 a3 30. bxa3 Rad8 31. Qc4+ Kh8 32. Nc6 Qc7 33. Nd5
Qc8 34. Rxg5 hxg5 35. Nde7 Rf4 36. Ng6+ Kh7 37. Nxf4 gxf4 38. Qe4+ 1-0

[Event "Madrid-chT 2223"]
[Site "Madrid"]
[Date "2022.11.20"]
[Round "1.1"]
[White "Plazuelo Pascual, Juan"]
[Black "Vazquez Igarza, Renier"]
[Result "0-1"]
[WhiteElo "2449"]
[BlackElo "2532"]
[PlyCount "120"]
[EventDate "2022.11.20"]
[EventType "team-tourn"]
[EventRounds "14"]
[EventCountry "ESP"]
[SourceTitle "Ajedrez en Madrid"]
[Source "lmi"]
[SourceDate "2022.11.21"]
[SourceVersion "1"]
[SourceVersionDate "2023.03.23"]
[SourceQuality "1"]
[WhiteTeam "Alcorcon Diagonal"]
[BlackTeam "Collado Villalba"]
[WhiteTeamCountry "ESP"]
[BlackTeamCountry "ESP"]

1. e4 c5 2. Nf3 Nc6 3. d4 cxd4 4. Nxd4 e6 5. Nc3 d6 6. Be3 Nf6 7. f4 Be7 8. Qf3
O-O 9. O-O-O Bd7 10. Kb1 Nxd4 11. Bxd4 Qa5 12. Be2 Rfc8 13. Qg3 Bc6 14. Bf3 Qc7
15. Rhe1 b5 16. e5 dxe5 17. Bxe5 Qb6 18. Ne4 Ne8 19. f5 exf5 20. Nd6 Bxd6 21.
Rxd6 f4 22. Qg4 Bxf3 23. Qxc8 Qa5 24. Qc3 Qxc3 25. Bxc3 Nxd6 26. gxf3 f6 27.
Rd1 Nc4 28. Rd5 a6 29. Rf5 Rd8 30. a4 Rd1+ 31. Ka2 Ne3 32. Rxf4 Nd5 33. Re4
Nxc3+ 34. bxc3 Rd2 35. a5 Kf7 36. Rh4 Rxc2+ 37. Kb3 Rc1 38. Kb2 Rf1 39. Rxh7
Rxf3 40. Rh8 Re3 41. Ra8 Re6 42. Ra7+ Kg6 43. c4 bxc4 44. Kc3 f5 45. Kxc4 f4
46. Rb7 f3 47. Rb1 Kf5 48. Kd3 g5 49. Rb8 Kg4 50. Rf8 Re5 51. Kd4 Rxa5 52. Ke3
Re5+ 53. Kf2 Re2+ 54. Kg1 Rg2+ 55. Kh1 Ra2 56. Kg1 a5 57. Rf7 a4 58. Rf8 Rg2+
59. Kh1 Rb2 60. Kg1 a3 0-1

[Event "Madrid-chT 2223"]
[Site "Madrid"]
[Date "2022.11.20"]
[Round "1.2"]
[White "Pulvett Marin, Daniel Eduardo"]
[Black "Neagu, Roberto Florin"]
[Result "1-0"]
[WhiteElo "2504"]
[BlackElo "2236"]
[PlyCount "79"]
[EventDate "2022.11.20"]
[EventType "team-tourn"]
[EventRounds "14"]
[EventCountry "ESP"]
[SourceTitle "Ajedrez en Madrid"]
[Source "lmi"]
[SourceDate "2022.11.21"]
[SourceVersion "1"]
[SourceVersionDate "2023.03.23"]
[SourceQuality "1"]
[WhiteTeam "Collado Villalba"]
[BlackTeam "Alcorcon Diagonal"]
[WhiteTeamCountry "ESP"]
[BlackTeamCountry "ESP"]

1. d4 Nf6 2. Nf3 e6 3. c4 c5 4. d5 exd5 5. cxd5 d6 6. Nc3 g6 7. h3 Bg7 8. e4
O-O 9. Bd3 b5 10. Nxb5 Nxe4 11. O-O a6 12. Na3 Nf6 13. Nc4 Bb7 14. Bf4 Nxd5 15.
Bxd6 Re8 16. Bxc5 Nd7 17. Ba3 N5b6 18. Nd6 Bxf3 19. Qxf3 Ne5 20. Qe2 Re6 21.
Be4 Ned7 22. Qc2 Rb8 23. Rad1 Bf8 24. Rd4 Bg7 25. Rd2 Qh4 26. Bd5 Nxd5 27. Rxd5
Nf6 28. Rd3 Ne8 29. Nc4 Rd8 30. Rxd8 Qxd8 31. Rd1 Qb8 32. Qd3 h5 33. b3 Qf4 34.
Bc1 Qh4 35. Be3 Nf6 36. Qd8+ Re8 37. Qc7 Bf8 38. Nd6 Re7 39. Qc8 Rd7 40. Bh6
1-0

[Event "Madrid-chT 2223"]
[Site "Madrid"]
[Date "2022.11.20"]
[Round "1.3"]
[White "Cubas Cabrera, Angel Luis"]
[Black "Lianes Garcia, Marcos"]
[Result "0-1"]
[WhiteElo "2224"]
[BlackElo "2406"]
[PlyCount "106"]
[EventDate "2022.11.20"]
[EventType "team-tourn"]
[EventRounds "14"]
[EventCountry "ESP"]
[SourceTitle "Ajedrez en Madrid"]
[Source "lmi"]
[SourceDate "2022.11.21"]
[SourceVersion "1"]
[SourceVersionDate "2023.03.23"]
[SourceQuality "1"]
[WhiteTeam "Alcorcon Diagonal"]
[BlackTeam "Collado Villalba"]
[WhiteTeamCountry "ESP"]
[BlackTeamCountry "ESP"]

1. d4 d5 2. c4 e6 3. Nf3 a6 4. g3 dxc4 5. Bg2 Nc6 6. a4 Na5 7. Bg5 f6 8. Bf4
Nb3 9. Ra2 Bb4+ 10. Nc3 c5 11. dxc5 Qxd1+ 12. Kxd1 Bxc5 13. Ne4 e5 14. Nxc5
exf4 15. Nxb3 cxb3 16. Ra3 Be6 17. Nd2 O-O-O 18. Ke1 fxg3 19. hxg3 Ne7 20. Nxb3
Bd5 21. Bxd5 Rxd5 22. e3 Nc6 23. Ke2 h6 24. Rd1 Rxd1 25. Kxd1 h5 26. Ke2 h4 27.
gxh4 Rxh4 28. Nc5 b6 29. Nd3 Kb7 30. Ra1 g5 31. b3 Nb4 32. Nxb4 Rxb4 33. Rb1 a5
34. Kd3 Kc6 35. Kc3 Rh4 36. Rd1 Rh2 37. Rd2 Kc5 38. Rc2 f5 39. Rd2 Rg2 40. Rc2
g4 41. Rd2 g3 42. fxg3 Rxg3 43. Rd3 Rh3 44. Kb2 Rh2+ 45. Ka3 Re2 46. Rc3+ Kd5
47. b4 Ke4 48. bxa5 bxa5 49. Rc4+ Kxe3 50. Rc5 f4 51. Rxa5 f3 52. Rf5 f2 53. a5
Ke4 0-1

[Event "Madrid-chT 2223"]
[Site "Madrid"]
[Date "2022.11.20"]
[Round "1.4"]
[White "Martin Duque, Jesus"]
[Black "Horcajuelo Rocamora, Martin"]
[Result "1-0"]
[WhiteElo "2397"]
[BlackElo "2194"]
[PlyCount "61"]
[EventDate "2022.11.20"]
[EventType "team-tourn"]
[EventRounds "14"]
[EventCountry "ESP"]
[SourceTitle "Ajedrez en Madrid"]
[Source "lmi"]
[SourceDate "2022.11.21"]
[SourceVersion "1"]
[SourceVersionDate "2023.03.23"]
[SourceQuality "1"]
[WhiteTeam "Collado Villalba"]
[BlackTeam "Alcorcon Diagonal"]
[WhiteTeamCountry "ESP"]
[BlackTeamCountry "ESP"]

1. Nf3 d5 2. b3 Nf6 3. Bb2 e6 4. g3 Bd6 5. Bg2 O-O 6. O-O Re8 7. d4 c5 8. c4
dxc4 9. bxc4 Nc6 10. e3 Qb6 11. Qc2 e5 12. dxe5 Nxe5 13. Nxe5 Bxe5 14. Bxe5
Rxe5 15. Nc3 Qb4 16. Rfc1 Bg4 17. Qd3 Qa5 18. Qd6 Re6 19. Qf4 Rb6 20. Nd5 Nxd5
21. cxd5 Be2 22. e4 c4 23. e5 Re8 24. Qd4 Bd3 25. Re1 Qa3 26. d6 Qb2 27. Qc5
Qb5 28. Qc7 Bf5 29. e6 Bxe6 30. Rxe6 fxe6 31. d7 1-0

[Event "Madrid-chT 2223"]
[Site "Madrid"]
[Date "2022.11.20"]
[Round "1.5"]
[White "Aguilera Lopez, Alejandro"]
[Black "Suarez Uriel, Adrian"]
[Result "0-1"]
[WhiteElo "2189"]
[BlackElo "2384"]
[PlyCount "116"]
[EventDate "2022.11.20"]
[EventType "team-tourn"]
[EventRounds "14"]
[EventCountry "ESP"]
[SourceTitle "Ajedrez en Madrid"]
[Source "lmi"]
[SourceDate "2022.11.21"]
[SourceVersion "1"]
[SourceVersionDate "2023.03.23"]
[SourceQuality "1"]
[WhiteTeam "Alcorcon Diagonal"]
[BlackTeam "Collado Villalba"]
[WhiteTeamCountry "ESP"]
[BlackTeamCountry "ESP"]

1. Nf3 Nf6 2. c4 g6 3. Nc3 c5 4. g3 Bg7 5. Bg2 O-O 6. d4 cxd4 7. Nxd4 Nc6 8.
O-O Qb6 9. Nb3 d6 10. Nd5 Nxd5 11. cxd5 Ne5 12. Be3 Qa6 13. Bd4 Bd7 14. f4 Nc4
15. Bxg7 Kxg7 16. Qd4+ Kg8 17. e4 Qb6 18. Qxb6 axb6 19. Rf2 Rfc8 20. Nd4 b5 21.
b3 Na3 22. Re1 b4 23. e5 Bb5 24. e6 f6 25. Nxb5 Nxb5 26. Re4 Rc1+ 27. Bf1 Nc3
28. Rxb4 Ra7 29. Rc4 b5 30. Rxc3 Rxc3 31. Bxb5 Ra3 32. Bc4 Kf8 33. Rb2 Ke8 34.
Kf2 Kd8 35. Ke2 Rc1 36. Kd2 Rh1 37. Bd3 Rxh2+ 38. Be2 Rg2 39. Kc3 Rxg3+ 40. Kb4
Ra8 41. a4 h5 42. f5 gxf5 43. Bxh5 f4 44. Bd1 Rd3 45. Be2 Rxd5 46. Bc4 Re5 47.
Rf2 Kc7 48. Rxf4 d5 49. Bb5 Kb6 50. Rd4 Ra7 51. Kc3 Rc7+ 52. Kd3 Rxe6 53. Rxd5
Rc5 54. Rd8 Rd6+ 55. Rxd6+ exd6 56. Bd7 Ka5 57. Kd4 Kb4 58. Be6 Re5 0-1

[Event "Madrid-chT 2223"]
[Site "Madrid"]
[Date "2022.11.20"]
[Round "1.6"]
[White "Ruiz Buendia, Miguel"]
[Black "Rey Martinez, Jaime"]
[Result "1/2-1/2"]
[WhiteElo "2260"]
[BlackElo "2072"]
[PlyCount "175"]
[EventDate "2022.11.20"]
[EventType "team-tourn"]
[EventRounds "14"]
[EventCountry "ESP"]
[SourceTitle "Ajedrez en Madrid"]
[Source "lmi"]
[SourceDate "2022.11.21"]
[SourceVersion "1"]
[SourceVersionDate "2023.03.23"]
[SourceQuality "1"]
[WhiteTeam "Collado Villalba"]
[BlackTeam "Alcorcon Diagonal"]
[WhiteTeamCountry "ESP"]
[BlackTeamCountry "ESP"]

1. e4 c5 2. Nf3 a6 3. c4 Nc6 4. d4 cxd4 5. Nxd4 e5 6. Nf5 Nf6 7. Nc3 d5 8. Bg5
Bxf5 9. exf5 d4 10. Nd5 Be7 11. Bxf6 Bxf6 12. Bd3 Qd6 13. Be4 O-O 14. Qd2 Ne7
15. Nxf6+ Qxf6 16. g4 Qh4 17. Qe2 Nc6 18. O-O-O Rac8 19. Kb1 Rfd8 20. Rhg1 Na5
21. g5 Nxc4 22. Rg4 Qh5 23. Bf3 Qxh2 24. g6 d3 25. Rxd3 Rxd3 26. Qxd3 e4 27.
gxf7+ Kf8 28. Rxe4 Qxf2 29. Re8+ Rxe8 30. fxe8=Q+ Kxe8 31. Bh5+ g6 32. Qxc4
Qxf5+ 33. Kc1 gxh5 34. Qc7 Qf1+ 35. Kc2 Qg2+ 36. Kb3 Qd5+ 37. Ka3 Qd7 38. Qb8+
Qd8 39. Qg3 h4 40. Qg8+ Kd7 41. Qd5+ Kc7 42. Qa5+ Kc8 43. Qf5+ Qd7 44. Qf8+ Kc7
45. Qc5+ Kb8 46. Qf8+ Qc8 47. Qf4+ Qc7 48. Qxh4 Qa5+ 49. Kb3 h5 50. a4 Qd5+ 51.
Ka3 a5 52. Qg3+ Kc8 53. b4 axb4+ 54. Kxb4 Qe4+ 55. Kb5 Qf5+ 56. Kb6 Qe6+ 57.
Ka5 Qf5+ 58. Kb6 Qe6+ 59. Ka5 Qa6+ 60. Kb4 Qb6+ 61. Ka3 Qc5+ 62. Kb3 Qd5+ 63.
Ka3 Kd7 64. Qh3+ Kc6 65. Qc8+ Kb6 66. Qh3 Qg5 67. Qb3+ Ka7 68. Qc3 Qe7+ 69. Kb3
Qe6+ 70. Ka3 Qd6+ 71. Ka2 h4 72. a5 Qh2+ 73. Kb1 Qg1+ 74. Ka2 Qf2+ 75. Ka1 Qf1+
76. Ka2 Qe2+ 77. Ka1 Qe7 78. Qd4+ Kb8 79. Qh8+ Kc7 80. Qc3+ Kd7 81. Qd4+ Ke6
82. Qe4+ Kf7 83. Qh7+ Ke8 84. Qh8+ Kd7 85. Qd4+ Kc8 86. Qc4+ Kb8 87. Qg8+ Ka7
88. Qg1+ 1/2-1/2

[Event "Madrid-chT 2223"]
[Site "Madrid"]
[Date "2022.11.20"]
[Round "1.1"]
[White "Garcia Luengo, Leandro"]
[Black "Almagro Llamas, Pablo"]
[Result "1/2-1/2"]
[WhiteElo "2274"]
[BlackElo "2412"]
[PlyCount "39"]
[EventDate "2022.11.20"]
[EventType "team-tourn"]
[EventRounds "14"]
[EventCountry "ESP"]
[SourceTitle "Ajedrez en Madrid"]
[Source "lmi"]
[SourceDate "2022.11.21"]
[SourceVersion "1"]
[SourceVersionDate "2023.03.23"]
[SourceQuality "1"]
[WhiteTeam "San Fernando de Henares"]
[BlackTeam "Virgen de Atocha"]
[WhiteTeamCountry "ESP"]
[BlackTeamCountry "ESP"]

1. e4 c6 2. Nc3 d5 3. Nf3 Bg4 4. h3 Bxf3 5. Qxf3 e6 6. d4 Nf6 7. a3 dxe4 8. Qe3
Nbd7 9. Nxe4 Nxe4 10. Qxe4 Nf6 11. Qd3 Be7 12. Be2 Qc7 13. O-O O-O 14. Qf3 Rad8
15. c3 Rfe8 16. Bf4 Bd6 17. Bg5 Be7 18. Bf4 Bd6 19. Bg5 Be7 20. Bf4 1/2-1/2

[Event "Madrid-chT 2223"]
[Site "Madrid"]
[Date "2022.11.20"]
[Round "1.2"]
[White "Vazquez Torres, Adrian"]
[Black "Fernandez Blazquez, Diego"]
[Result "1/2-1/2"]
[WhiteElo "2197"]
[BlackElo "2221"]
[PlyCount "91"]
[EventDate "2022.11.20"]
[EventType "team-tourn"]
[EventRounds "14"]
[EventCountry "ESP"]
[SourceTitle "Ajedrez en Madrid"]
[Source "lmi"]
[SourceDate "2022.11.21"]
[SourceVersion "1"]
[SourceVersionDate "2023.03.23"]
[SourceQuality "1"]
[WhiteTeam "Virgen de Atocha"]
[BlackTeam "San Fernando de Henares"]
[WhiteTeamCountry "ESP"]
[BlackTeamCountry "ESP"]

1. e4 c5 2. Nf3 Nc6 3. Nc3 e6 4. d4 cxd4 5. Nxd4 Qc7 6. Be3 a6 7. a4 Nf6 8. Bd3
Bb4 9. O-O O-O 10. Na2 Be7 11. c3 d5 12. exd5 Nxd5 13. Nxc6 bxc6 14. Bc1 c5 15.
c4 Nf6 16. Qf3 Bb7 17. Qh3 Rfd8 18. Nc3 Qc6 19. Bc2 Rd4 20. b3 Rh4 21. Nd5 Nxd5
22. cxd5 Qxd5 23. Qg3 Bd6 24. f4 Qd4+ 25. Be3 Bxf4 26. Bxh7+ Rxh7 27. Qxf4 Qxf4
28. Rxf4 Rh5 29. Rc1 Bd5 30. Rxc5 Rb8 31. b4 Re5 32. Kf2 Re4 33. Rxe4 Bxe4 34.
b5 axb5 35. axb5 Kh7 36. Bf4 Ra8 37. g4 Ra2+ 38. Ke3 Bd5 39. b6 Ra3+ 40. Kd2
Rb3 41. Bc7 Kg6 42. Kc2 Rb4 43. Kc3 Rb3+ 44. Kc2 Rb4 45. Kc3 Rb3+ 46. Kc2
1/2-1/2

[Event "Madrid-chT 2223"]
[Site "Madrid"]
[Date "2022.11.20"]
[Round "1.3"]
[White "Perez Gonzalez, Jose Manuel"]
[Black "Fernandez de Bobadilla, Gabriel"]
[Result "1/2-1/2"]
[WhiteElo "2196"]
[BlackElo "2162"]
[PlyCount "93"]
[EventDate "2022.11.20"]
[EventType "team-tourn"]
[EventRounds "14"]
[EventCountry "ESP"]
[SourceTitle "Ajedrez en Madrid"]
[Source "lmi"]
[SourceDate "2022.11.21"]
[SourceVersion "1"]
[SourceVersionDate "2023.03.23"]
[SourceQuality "1"]
[WhiteTeam "San Fernando de Henares"]
[BlackTeam "Virgen de Atocha"]
[WhiteTeamCountry "ESP"]
[BlackTeamCountry "ESP"]

1. e4 c5 2. Nc3 Nc6 3. Nf3 e5 4. Bc4 g6 5. d3 h6 6. Be3 d6 7. Nd5 Bg7 8. c3 Nf6
9. b4 cxb4 10. cxb4 Nxd5 11. Bxd5 O-O 12. Qb3 a6 13. a4 Ne7 14. Bc4 b6 15. O-O
Bb7 16. Rab1 d5 17. exd5 Nxd5 18. Rfe1 Qd6 19. Nd2 Nxe3 20. fxe3 Qd7 21. b5
axb5 22. Bxb5 Bc6 23. Nc4 Rfb8 24. Bxc6 Qxc6 25. Qb5 Qxb5 26. axb5 Ra7 27. Ra1
Rc7 28. e4 Rc5 29. Reb1 f5 30. Ra6 fxe4 31. Nxb6 exd3 32. Kf2 Rd8 33. Ra8 Rxa8
34. Nxa8 d2 35. Rd1 Rxb5 36. Rxd2 Rb8 37. Nc7 Rf8+ 38. Ke2 Rf7 39. Rd8+ Kh7 40.
Ne6 Re7 41. Rd6 Ra7 42. Kf3 Ra3+ 43. Ke4 Ra4+ 44. Ke3 Ra3+ 45. Ke4 Ra4+ 46. Ke3
Ra3+ 47. Ke4 1/2-1/2

[Event "Madrid-chT 2223"]
[Site "Madrid"]
[Date "2022.11.20"]
[Round "1.4"]
[White "Horcajada Reales, Guillermo"]
[Black "Garrido Olivares, Ricard"]
[Result "1/2-1/2"]
[WhiteElo "2081"]
[BlackElo "2196"]
[PlyCount "104"]
[EventDate "2022.11.20"]
[EventType "team-tourn"]
[EventRounds "14"]
[EventCountry "ESP"]
[SourceTitle "Ajedrez en Madrid"]
[Source "lmi"]
[SourceDate "2022.11.21"]
[SourceVersion "1"]
[SourceVersionDate "2023.03.23"]
[SourceQuality "1"]
[WhiteTeam "Virgen de Atocha"]
[BlackTeam "San Fernando de Henares"]
[WhiteTeamCountry "ESP"]
[BlackTeamCountry "ESP"]

1. c4 e6 2. Nc3 d5 3. d4 Nf6 4. Bg5 Be7 5. e3 Nbd7 6. Nf3 h6 7. Bh4 O-O 8. Rc1
c5 9. cxd5 Nxd5 10. Bxe7 Nxe7 11. Be2 b6 12. dxc5 Nxc5 13. b4 Qxd1+ 14. Rxd1
Nd7 15. O-O Nc6 16. a3 Nf6 17. Nb5 a5 18. Rd6 Bd7 19. bxa5 Rxa5 20. Rfd1 Na7
21. Nxa7 Rxa7 22. Ne5 Ba4 23. Rb1 Nd5 24. Bf3 Bc2 25. Rc1 Bb3 26. e4 Nf6 27.
Rxb6 Rxa3 28. h3 Ba2 29. Rb7 Rb3 30. Rbc7 Rb1 31. Rxb1 Bxb1 32. Nd7 Nxd7 33.
Rxd7 e5 34. Rb7 Ba2 35. Re7 f6 36. Bg4 Rf7 37. Be6 Bxe6 38. Rxe6 Ra7 39. Rb6
Kf7 40. f3 Kg6 41. Kf2 Kg5 42. Kg3 h5 43. h4+ Kg6 44. Rc6 Kh6 45. Rb6 Rf7 46.
Ra6 g5 47. hxg5+ Kxg5 48. Ra8 Rg7 49. Rh8 Rg6 50. Kh3 Rg7 51. Kg3 Rg6 52. Kh3
Rg7 1/2-1/2

[Event "Madrid-chT 2223"]
[Site "Madrid"]
[Date "2022.11.20"]
[Round "1.5"]
[White "Jimenez Lopez, Antonio"]
[Black "Yanes Crespo, Javier"]
[Result "1/2-1/2"]
[WhiteElo "2187"]
[BlackElo "1957"]
[PlyCount "120"]
[EventDate "2022.11.20"]
[EventType "team-tourn"]
[EventRounds "14"]
[EventCountry "ESP"]
[SourceTitle "Ajedrez en Madrid"]
[Source "lmi"]
[SourceDate "2022.11.21"]
[SourceVersion "1"]
[SourceVersionDate "2023.03.23"]
[SourceQuality "1"]
[WhiteTeam "San Fernando de Henares"]
[BlackTeam "Virgen de Atocha"]
[WhiteTeamCountry "ESP"]
[BlackTeamCountry "ESP"]

1. e4 c5 2. Nf3 Nf6 3. Nc3 d5 4. exd5 Nxd5 5. Bc4 Nb6 6. Bb5+ Bd7 7. d4 cxd4 8.
Nxd4 Nc6 9. Nxc6 Bxc6 10. Bxc6+ bxc6 11. Qf3 Rc8 12. O-O e6 13. Ne4 Be7 14. Rd1
Qc7 15. b3 O-O 16. Bb2 f5 17. Ng3 Bf6 18. Bxf6 Rxf6 19. Rd2 g6 20. Rad1 e5 21.
Ne4 Rff8 22. Nc5 Qe7 23. b4 Rfd8 24. h3 Rxd2 25. Rxd2 Nd5 26. a3 a5 27. c4 axb4
28. cxd5 Qxc5 29. d6 Qc3 30. Qe2 bxa3 31. Rd3 Qa1+ 32. Rd1 Qb2 33. Qc4+ Kg7 34.
Qe6 Qb8 35. Qxe5+ Kh6 36. Qe3+ Kg7 37. Qxa3 Rd8 38. Qc3+ Kf7 39. Qc4+ Kg7 40.
Qxc6 Qc8 41. Qd5 Qd7 42. Kh2 Kf6 43. f4 Qe6 44. Qd4+ Kf7 45. d7 Qf6 46. Kg3
Qxd4 47. Rxd4 Ke7 48. Kh4 h6 49. g4 fxg4 50. hxg4 Rxd7 51. Rxd7+ Kxd7 52. g5 h5
53. f5 gxf5 54. Kxh5 f4 55. Kg4 Ke7 56. Kxf4 Kf7 57. Kf5 Kg7 58. g6 Kg8 59. Kg5
Kg7 60. Kh5 Kg8 1/2-1/2